Central Library OPAC University of Rajshahi

Quantitative genetic analysis of chromosomes 1B and 4A of common Wheat / (Record no. 81003)

MARC details
000 -LEADER
fixed length control field 00877nam a22002417a 4500
001 - CONTROL NUMBER
RUCL Control Number 81003
003 - CONTROL NUMBER IDENTIFIER
rucl marc code BD-RjUL
005 - DATE AND TIME OF LATEST TRANSACTION
control field 20221220175720.0
008 - FIXED-LENGTH DATA ELEMENTS--GENERAL INFORMATION
fixed length control field 221220s1970 bg a|||| m||| 00| 0 eng d
035 ## - SYSTEM CONTROL NUMBER
system control number (BD-RjUL)81003
040 ## - CATALOGING SOURCE
Original cataloging agency BD-RjUL
Language of cataloging eng
Transcribing agency BD-RjUL
Modifying agency BD-RjUL
041 ## - LANGUAGE CODE
Language code of Book eng
082 ## - DEWEY DECIMAL CLASSIFICATION NUMBER
DDC Edition number 23
Classification number 664.722
Author mark and Year AHQ 1970
100 ## - MAIN ENTRY--PERSONAL NAME
Personal name Ahmed. Sadeque Uddin
9 (RLIN) 6398
245 10 - TITLE STATEMENT
Title Quantitative genetic analysis of chromosomes 1B and 4A of common Wheat /
Statement of responsibility, etc by Sadeque, Uddin Ahmed ;
Name of Supervisor/Co-Supervisor Supervisor : Johan, Kuspira
260 ## - PUBLICATION, DISTRIBUTION, ETC. (IMPRINT)
Place of publication, distribution, etc Canada :
Name of publisher, distributor, etc Department of Genetics, Edmonton, Alberta Canada
300 ## - PHYSICAL DESCRIPTION
Pagination [9], 96 leaves :
Other physical details ill, ;
Dimensions 29.cm.
502 ## - DISSERTATION NOTE
Dissertation note Thesis (Ph. D.) -- Department of Genetics, Edmonton, Alberta Canada 1970
504 ## - BIBLIOGRAPHY, ETC. NOTE
Bibliography, etc Bibliography : Leaves 40 -47
650 ## - SUBJECT ADDED ENTRY--TOPICAL TERM
Topical term or geographic name as entry element Wheat
Form subdivision Food technology
9 (RLIN) 6391
700 ## - ADDED ENTRY--SUPERVISOR/CO-SUPERVISOR NAME
Personal name Kuspira, Johan, Supervisor
9 (RLIN) 6399
942 ## - ADDED ENTRY ELEMENTS (KOHA)
Source of classification or shelving scheme Dewey Decimal Classification
Koha item type Theses
Holdings
Source of classification or shelving scheme Damaged status Not for loan Collection code Permanent Location Current Location Shelving location Date of accession Source of acquisition Total Checkouts Full call number Barcode Date last seen Copy number Thesis
Dewey Decimal Classification   Not For Loan Theses Central Library, University of Rajshahi Central Library, University of Rajshahi Documentation Section 09/03/1988 Controller of Exam. R.U.   THE 664.722 AHQ 1970 D1033 20/12/2022 C-1 Theses